00905nam a2200193 a 450000100100000000500170001000800410002704000250006808200150009324500760010826000800018430000270026470000340029104900090032595201280033495201130046295201190057599900170069400002939220200930055522.0110415s19uu dr a 000 0 spa d aDO-SdBNPbspacBNPHU axxxbM274e00aManejo ecológico de plagas y enfermedades /ceditora Andrea Brechelt. aSanto Domingo :bFundación Agricultura y Medio Ambiente (FAMA),c[199-?]. a22 p. :bil. ;c23 cm.1 aBrechelt, Andrea,eed.922300 aBNPD 001054708DSaGRbGRcCTd2011-11-21iLF1l0oxxx M274ep29392-30r2020-06-25te. 3w2020-06-25yLFDSZPréstamo en sala 0010718PDaPDbPDcCTd2011-04-15iLF1l0oxxx M274ep29392-10r2020-06-25w2020-06-25yLFPDZNo se presta 0010718PDaPDbPDcCTd2011-11-15iLF1l0oxxx M274ep29392-20r2020-06-25te. 2w2020-06-25yLFPDZNo se presta c28884d28884